Normal view MARC view

Entry Personal Name

Number of records used in: 1

001 - CONTROL NUMBER

  • control field: 48821

003 - CONTROL NUMBER IDENTIFIER

  • control field: dpl

005 - DATE AND TIME OF LATEST TRANSACTION

  • control field: 20120611121843.0

008 - FIXED-LENGTH DATA ELEMENTS

  • fixed length control field: 120611|||a|||||| | ||| d

040 ## - CATALOGING SOURCE

  • Original cataloging agency: dpl
  • Transcribing agency: dpl

100 ## - HEADING--PERSONAL NAME

  • Personal name: जायसवाल,एम.पी.

670 ## - SOURCE DATA FOUND

  • Source citation: Work cat.: (dpl)67773: जायसवाल,एम.पी., देखो सुनो और होम्योपैथिक चुनो /, 2001

670 ## - SOURCE DATA FOUND

  • Source citation: Work cat.: (dpl)67773: जायसवाल,एम.पी., देखो सुनो और होम्योपैथिक चुनो /, 2001

© Delhi Public Library
Hit Counter
free hit counter